| 000 | 01209nam a2200289 i 4500 | ||
|---|---|---|---|
| 001 | 197639 | ||
| 003 | SpMaBN | ||
| 005 | 20250824063102.0 | ||
| 008 | 250615s2024 sp |||||| 000 | spa| | ||
| 017 |
_aM 28064-2024 _bOficina Depósito Legal Madrid |
||
| 020 | _a9788410083837 | ||
| 040 |
_aSpMaBN _bspa _cSpMaBN _erda |
||
| 100 | 1 |
_aLópez Raso, Pablo _9241018 _eaut |
|
| 245 | 1 | 0 |
_aInsolente belleza : _buna propuesta de apreciación del arte contemporáneo / _cPablo López Raso. |
| 250 | _aPrimera edición: diciembre 2024 | ||
| 260 |
_aMadrid : _bEditorial Dykinson, _bEditorial Síntesis, _bEditorial UFV, _c2024. |
||
| 300 |
_a163 páginas ; _c23 cm. |
||
| 336 |
_aTexto _2rdacontent |
||
| 337 |
_asin mediación _2rdamedia |
||
| 338 |
_avolumen _2rdacarrier |
||
| 650 | 7 |
_2embne _910068 _aArte |
|
| 852 |
_aES-MaACL _cDEPOJ _jN-10532 _xEncuadernación rústica con solapas _9206655 _hDonación: Editorial |
||
| 942 |
_cMONOGRAFIA _n0 |
||
| 999 |
_c197639 _d197639 |
||